000 00257nam a2200109Ia 4500
005 20251222114346.0
008 251222s1900||||xx |||||||||||||| ||spa||
082 _aDVD0080/S17/2003/Ej.2
245 0 _aDiarios de motocicleta
264 _bFilmFour
942 _cDVD
999 _c1052
_d1052